000 01127nam a2200277 a 4500
001 BRL_1276
005 20190320211126.0
008 171213s1993----mx-ab#####---#000-0#spa-#
020 _a9706340017
041 _aspa
044 _amx
050 4 _aF1219
_b.A58 1993
245 1 0 _aAntropología, historia e imaginativa
_ben homenaje a Eduardo Martínez Espinosa
_cedición de Carlos Navarrete y Carlos Alvarez A.
260 _a[Chiapas, México]
_bGobierno del Estado de Chiapas, Consejo Estatal de Fomento a la Investigación y Difusión de la Cultura DIF-CHIAPAS/Instituto Chiapaneco de Cultura
_c1993
300 _a353 p.
_bil., mapas
_c22 cm.
_e3 h. plegables sueltas
440 0 _aSerie Antropología
_99658
504 _aBibliografía : p. 327-353
600 1 4 _aMartínez E., Eduardo
_926358
650 1 4 _aIndígenas de México
_xAntigüedades
_9509
650 1 4 _aIndígenas de México
_xHistoria
_922707
650 1 4 _aEtnohistoria
_zMéxico
_926359
650 1 4 _aEtnología
_xFilosofía
_zMéxico
_926360
700 1 _aNavarrete, Carlos
_d1931-
_eed.
_926361
700 1 _aAlvarez A., Carlos
_eed.
_926362
942 _2lcc
_cB
999 _c10088
_d10088